| 000 | 01487nam a22002537a 4500 | ||
|---|---|---|---|
| 999 |
_c60030 _d60030 |
||
| 003 | Ge_BSU | ||
| 005 | 20230531113142.0 | ||
| 008 | 230531s2018ge xxu||||| |||| 00| 0 geo d | ||
| 020 | _a9788378931829 | ||
| 041 | _ageo | ||
| 080 | _a81'374.3=353.31 ბ-95 | ||
| 100 |
_aბუკია, მანანა, ავტორი. _918345 |
||
| 245 |
_aლაზური ლექსიკონი / _c მანანა ბუკია ; რედ. მერაბ ჩუხუა |
||
| 264 |
_bWojnowice, _c 2018. |
||
| 300 |
_a586 გვ. ; _b 24 სმ. |
||
| 440 |
_aსაბა - ქართული ლექსიკონი _918330 |
||
| 500 | _aყდაზე ავტორი მითითებული არ არის. | ||
| 504 | _aბიბლიოგრაფია: გვ. 581-585. | ||
| 546 | _aთავფურცლის ყდა ქართულ და ინგლისურ ენებზე.მე-3 გვერდი ინგლისურ ენაზე. | ||
| 653 | _aლაზური ენის განმარტებითი ლექსიკონი. | ||
| 700 |
_aჩუხუა,მერაბ _eრედაქტორი _9130 |
||
| 710 |
_aთსუ არნ. ჩიქობავას სახ. ენათმეცნიერების ინ-ტი, სსიპ ჩერქეზული (ადიღური) კულტურის ცენტრი. _918346 |
||
| 942 |
_2udc _cBK |
||